Social policy and social change in western India, 1817-1830. (Record no. 17675)

MARC details
000 -LEADER
fixed length control field 01048cam a22003011 4500
001 - CONTROL NUMBER
control field 14291287
003 - CONTROL NUMBER IDENTIFIER
control field ASL
005 - DATE AND TIME OF LATEST TRANSACTION
control field 20231015025624.0
008 - FIXED-LENGTH DATA ELEMENTS--GENERAL INFORMATION
fixed length control field 060308s1957 enkbc b 000 0 eng
010 ## - LIBRARY OF CONGRESS CONTROL NUMBER
LC control number 58000769
040 ## - CATALOGING SOURCE
Original cataloging agency DLC
Transcribing agency ASL
Modifying agency ASL
050 00 - LIBRARY OF CONGRESS CALL NUMBER
Classification number HN683
Item number .B3
082 ## - DEWEY DECIMAL CLASSIFICATION NUMBER
Classification number 303.454803
Item number BAS
100 1# - MAIN ENTRY--PERSONAL NAME
Personal name Ballhatchet, Kenneth. [from old catalog]
245 10 - TITLE STATEMENT
Title Social policy and social change in western India, 1817-1830.
260 ## - PUBLICATION, DISTRIBUTION, ETC.
Place of publication, distribution, etc. London:
-- New York:
Name of publisher, distributor, etc. Oxford University Press,
Date of publication, distribution, etc. 1957.
300 ## - PHYSICAL DESCRIPTION
Extent vii, 335 p.
Other physical details port., maps (part fold.)
Dimensions 23 cm.
490 0# - SERIES STATEMENT
Series statement London oriental series,
Volume/sequential designation v. 5
500 ## - GENERAL NOTE
General note An outgrowth of the author's thesis, University of London.
504 ## - BIBLIOGRAPHY, ETC. NOTE
Bibliography, etc. note Bibliography: p. [321]-325.
600 00 - SUBJECT ADDED ENTRY--PERSONAL NAME
Personal name Elphinstone,
Titles and other words associated with a name Hon. Mountstuart,
Dates associated with a name 1779-1859. [from old catalog]
650 #0 - SUBJECT ADDED ENTRY--TOPICAL TERM
Topical term or geographic name entry element Maratha (Indic people)
651 #0 - SUBJECT ADDED ENTRY--GEOGRAPHIC NAME
Geographic name India
General subdivision Social conditions.
906 ## - LOCAL DATA ELEMENT F, LDF (RLIN)
a 0
b ibc
c premunv
d 3
e ncip
f 19
g y-gencatlg
942 ## - ADDED ENTRY ELEMENTS (KOHA)
Source of classification or shelving scheme Dewey Decimal Classification
Koha item type Books
Holdings
Withdrawn status Lost status Source of classification or shelving scheme Damaged status Not for loan Collection code Home library Current library Shelving location Date acquired Source of acquisition Total Checkouts Full call number Barcode Date last seen Copy number Price effective from Koha item type Public note
    Dewey Decimal Classification   Not For Loan Non-fiction Asiatic Society Library Asiatic Society Library Harrison Collection 02/05/2020 Donated by Prof. John B. Harrison   303.454803 BAS 100808 07/26/2017 C-1 07/26/2017 Books RARE
    Dewey Decimal Classification     Non-fiction Asiatic Society Library Asiatic Society Library Harrison Collection 04/19/2022 Donated by Prof. John B. Harrison   303.454803 BAS 116495 04/19/2022 C-2 04/19/2022 Books RARE

Powered by Koha